Sports Quiz

Random Sports Quiz
Score 0/87 Timer 07:00
0 Plays Today
WrestleMania Wrestler % Correct
1Hulk Hogan
99.6%
2Hulk Hogan
99.6%
IIIHulk Hogan
99.6%
VHulk Hogan
99.6%
VIHulk Hogan
99.6%
VIIHulk Hogan
99.6%
X-8Hollywood Hulk Hogan
99.6%
13The Undertaker
98.8%
23The Undertaker
98.8%
XXIVThe Undertaker
98.8%
25th AnnivThe Undertaker
98.8%
XIIShawn Michaels
98.6%
XIVShawn Michaels
98.6%
XXShawn Michaels
98.6%
23Shawn Michaels
98.6%
XXIVShawn Michaels
98.6%
25th AnnivShawn Michaels
98.6%
2000Triple H
98.3%
X-8Triple H
98.3%
XXTriple H
98.3%
21Triple H
98.3%
22Triple H
98.3%
25th AnnivTriple H
98.3%
13Stone Cold Steve Austin
97.9%
XIVStone Cold Steve Austin
97.9%
XVStone Cold Steve Austin
97.9%
X-7Stone Cold Steve Austin
97.9%
XVThe Rock
97.4%
2000The Rock
97.4%
WrestleMania Wrestler % Correct
X-7The Rock
97.4%
X-8The Rock
97.4%
IXBret Hart
97.3%
XBret Hart
97.3%
XIIBret Hart
97.3%
13Bret Hart
97.3%
21John Cena
96.4%
22John Cena
96.4%
23John Cena
96.4%
X-7Edge
95.9%
22Edge
95.9%
XXIVEdge
95.9%
22Randy Orton
95.7%
25th AnnivRandy Orton
95.7%
VIIRic Flair
95%
XXIVRic Flair
95%
X'Heartbreak Kid' Shawn Michaels
94.4%
2000Kurt Angle
94.4%
XIXKurt Angle
94.4%
XXKurt Angle
94.4%
22Kurt Angle
94.4%
IVRandy Savage
94.3%
VRandy Savage
94.3%
VIIRandy Savage
94.3%
IIIRandy Savage
94.3%
2000Mick Foley
94.2%
22Mick Foley
94.2%
X-7Jeff Hardy
94%
2000Chris Jericho
93.9%
WrestleMania Wrestler % Correct
X-8Chris Jericho
93.9%
X-7Matt Hardy
93.8%
2000Chris Benoit
93.3%
XXChris Benoit
93.3%
IIIAndre The Giant
93.2%
21Batista
92.3%
23Batista
92.3%
X-7Christian
92%
XIXBrock Lesnar
91.5%
VIThe Ultimate Warrior
91.2%
X-7Bubba Ray Dudley
91.1%
X-7D'Von Dudley
90.9%
2000The Big Show
90.9%
1Mr. T
90.4%
1Roddy Piper
90.3%
XRazor Ramon
89.6%
XXEddie Guerrero
88.8%
IXYokozuna
88.5%
XYokozuna
88.5%
22Rey Mysterio
86%
IIIRicky Steamboat
85.9%
13Sycho Sid
85.7%
IVTed Dibiase
84.3%
21John Bradshaw Layfield
84%
2King King Bundy
82.7%
1Paul Orndorff
80.2%
VIISgt. Slaughter
78.6%
XIBam Bam Bigelow
67.8%
XILawrence Taylor
67.5%
Remove Ads.
Support Sporcle.
Get the best of Sporcle when you Go Orange. This ad-free experience offers more features, more stats, and more fun while also helping to support Sporcle. Thank you for becoming a member.

You're not logged in!

Compare scores with friends on all Sporcle quizzes.
OR
Log In

Show Comments

Extras

Top Quizzes Today


Score Distribution

Your Account Isn't Verified!

In order to create a playlist on Sporcle, you need to verify the email address you used during registration. Go to your Sporcle Settings to finish the process.

Report this User

Report this user for behavior that violates our Community Guidelines.

Details: